| 000 | 01092nam a2200277 a 4500 | ||
|---|---|---|---|
| 008 | |||
| 049 | 0 | _aMAIN | |
| 090 |
_aGE70 _bHEE |
||
| 245 | 0 | 0 |
_aEnvironmental and social studies : _ba textbook for senior secondary schools / _cgeneral editors: John Conradie & Patrick van Rensburg. |
| 260 |
_aGaborone, Botswana : _bFoundation for Education with Production, _c1997- |
||
| 300 |
_a96 p. : _bill., maps ; _c30 cm. |
||
| 505 | 1 | _a Bk. 3. Towards sustainable and socially equitable development / Sue Heese and Ted Michie. | |
| 650 | 0 |
_aHuman ecology _xStudy and teaching (Secondary) |
|
| 650 | 0 |
_aEnvironmental protection _xStudy and teaching (Secondary) |
|
| 650 | 0 |
_aSocial sciences _xStudy and teaching (Secondary) |
|
| 700 | 1 | _aConradie, John. | |
| 700 | 1 | _aVan Rensburg, Patrick. | |
| 700 | 1 | _aHeese, Sue. | |
| 700 | 1 | _aMichie, Ted. | |
| 740 | 0 | _aTowards sustainable and socially equitable development. | |
| 907 |
_a.b10078241 _b24-09-15 _c19-06-03 |
||
| 003 | |||
| 005 | 20230123133302.0 | ||
| 040 | _cNUST | ||
| 942 |
_cBOOKS _kGE70 _mHEE |
||
| 999 |
_c145958 _d145958 |
||